Test your Aviation Knowledge - Statistics

General Stats
  • This quiz has been taken 260 times
  • The average score is 7 of 15
Answer Stats
Hint Answer % Correct
The Biggest Airbus plane Airbus A380
93%
Biggest passengers Airliner Airbus A380
93%
Biggest low-cost airline in Europe Ryanair
66%
The largest airport by passengers number Atlanta Hartsfield-Jackson Airport
63%
The largest airline by fleet number United Airlines
59%
Brazilian Plane manufacture Embraer
46%
The Biggest Boeing plane Boeing B747
44%
Best african airline in 2024 Ethiopian Airlines
40%
Chinese Plane manufacture Comac
33%
Biggest twin-engine plane Boeing B777
31%
Airport with the smallest runway Saba Juancho Airport
28%
Biggest plane ever made Antonov AN-225
27%
Longest flight in the world Singapore-New York
19%
How long is the shortest flight in the world? 2 min
14%
Biggest Airport in North Africa Casablanca Airport
1%
No matching quizzes found
Score Distribution
Percent of People with Each Score
Percentile by Number Answered
Your Score History
You have not taken this quiz